| 000 | 00754nam a2200181Ia 4500 | ||
|---|---|---|---|
| 005 | 20251020182605.0 | ||
| 008 | 200515s9999 xx 000 0 und d | ||
| 082 | _aSC/371.68:658.31/T16 | ||
| 100 | _aTALAVERA GOIBURU, Rubén | ||
| 245 | 0 | _aMultimedios modernos de capacitación del pequeño empresario: Marco Teórico y muestras de realizaciones | |
| 260 | _aGinebra | ||
| 260 | _c1982 | ||
| 300 | _a366 | ||
| 520 | _aDocumento de doble propósito : a) Presenta un análisis teórico del proceso de capacitación gerencial de pequeños productores, situándolos en los justos límites de una transmisión y discusión de mensajes que estimulen el aprendizaje activo y no formal de a | ||
| 650 | _aCAPACITACION | ||
| 650 | _aPUB OIT | ||
| 942 | _cLIB | ||
| 999 |
_c3179 _d3179 |
||